Dowry Bridging the gap between theory and practice (Record no. 31924)

MARC details
000 -LEADER
fixed length control field 01027nam a22002417a 4500
005 - DATE AND TIME OF LATEST TRANSACTION
control field 2009111306196.0
008 - FIXED-LENGTH DATA ELEMENTS--GENERAL INFORMATION
fixed length control field 091113t xxu||||| |||| 00| 0 eng d
010 ## - LCCN (DPL NO)
LC control number ENG-95492
020 ## - INTERNATIONAL STANDARD BOOK NUMBER
International Standard Book Number 8188965472
Terms of availability 350.00
035 ## - SYSTEM CONTROL NUMBER
System control number EN-78025
037 ## - SOURCE OF ACQUISITION
Source of stock number/acquisition DBAD/PUB
040 ## - CATALOGING SOURCE
Original cataloging agency DPL
245 ## - TITLE STATEMENT
Title Dowry Bridging the gap between theory and practice
Statement of responsibility, etc edited by Tamsin Bradley, Emma Tomalin and Mangala Subramaniam
260 ## - PUBLICATION, DISTRIBUTION, ETC. (IMPRINT)
Place of publication, distribution, etc New Delhi
Name of publisher, distributor, etc Women Unlimited
Date of publication, distribution, etc 2009
270 ## - ADDRESS
Address K- 36, Hauz Khas Enclave ,
City New Delhi
Postal code 110016
300 ## - PHYSICAL DESCRIPTION
Extent 245p.
Dimensions 22 cm.(Hb)
700 ## - ADDED ENTRY--PERSONAL NAME
Personal name Tomalin, Emma
700 ## - ADDED ENTRY--PERSONAL NAME
Personal name Subramaniam, Mangala
856 ## - ELECTRONIC LOCATION AND ACCESS
Uniform Resource Identifier <a href="http://www.loc.gov/catdir/toc/ecip0721/2007025342.html">http://www.loc.gov/catdir/toc/ecip0721/2007025342.html</a>
942 ## - ADDED ENTRY ELEMENTS (KOHA)
Source of classification or shelving scheme Dewey Decimal Classification
Item type English Books
Call number suffix BAR
Holdings
Withdrawn status Lost status Source of classification or shelving scheme Damaged status Not for loan Collection code Home library Current library Date acquired Source of acquisition Cost, normal purchase price Total Checkouts Full call number Barcode Date last seen Copy number Cost, replacement price Koha item type
    Dewey Decimal Classification   Not For Loan Non-fiction D.B.Act.Division D.B.Act.Division 18/11/2009 DBAD / PUB 350.00   BAR EN-79025 18/11/2009 1 350.00 English Books

© Delhi Public Library
Hit Counter
free hit counter